LIBRARY ONLINE CATALOGUE

Programming in Visual C# 2008 / (Record no. 4363)

MARC details
000 -LEADER
fixed length control field 00801cam a22002412 4500
001 - CONTROL NUMBER
control field 0000023317
005 - DATE AND TIME OF LATEST TRANSACTION
control field 20151217145941.0
008 - FIXED-LENGTH DATA ELEMENTS--GENERAL INFORMATION
fixed length control field 121109s xx 000 0 eng d
020 ## - INTERNATIONAL STANDARD BOOK NUMBER
International Standard Book Number 0070172814
040 ## - CATALOGING SOURCE
Original cataloging agency KABU
Transcribing agency KABU
100 1# - MAIN ENTRY--PERSONAL NAME
Personal name Bradley, Julia Case.
-- 0000154404
245 10 - TITLE STATEMENT
Title Programming in Visual C# 2008 /
Statement of responsibility, etc. Julia Case Bradley, Anita C. Millspaugh.
250 ## - EDITION STATEMENT
Edition statement 1st ed.
260 ## - PUBLICATION, DISTRIBUTION, ETC. (IMPRINT)
Place of publication, distribution, etc. Boston :
Name of publisher, distributor, etc. McGraw-Hill,
Date of publication, distribution, etc. 2010.
300 ## - PHYSICAL DESCRIPTION
Extent xxiv, 679 p.
650 #0 - SUBJECT ADDED ENTRY--TOPICAL TERM
Topical term or geographic name as entry element Microsoft Visual C#.
-- 0000182689
650 #0 - SUBJECT ADDED ENTRY--TOPICAL TERM
Topical term or geographic name as entry element C# (Computer program language)
-- 0000154465
650 #0 - SUBJECT ADDED ENTRY--TOPICAL TERM
Topical term or geographic name as entry element Visual programming languages (Computer science)
-- 0000182690
700 1# - ADDED ENTRY--PERSONAL NAME
Personal name Millspaugh, Anita C.
-- 0000154405
852 1# - LOCATION
-- p3604 KES
908 ## - PUT COMMAND PARAMETER (RLIN)
Put command parameter 121109
950 ## - LOCAL HOLDINGS (RLIN)
-- 1
Holdings
Withdrawn status Lost status Source of classification or shelving scheme Not for loan Home library Current library Date acquired Total Checkouts Full call number Barcode Date last seen Date last checked out Price effective from Koha item type
    Library of Congress Classification   Kabarak, Main Campus Kabarak, Main Campus 17/12/2015 2 QA76.73 .C154B73 2010 c. 1 013806 15/02/2019 11/02/2019 17/12/2015 General Collection